K problematike vnútornej a medzipodnikovej integrácie riadiacich a informačných systémov

Problematika integrácie IS, ktorý slúži ako nástroj informačnej podpory pre výrobné procesy IS a ktorý predstavuje nástroj informačnej podpory na riadenie spisovej služby. Hlavný proces Spisová služba a jeho podriadené procesy. Medzipodniková integrácia. Príklad integrácie procesov podnikania medzi...

Descrizione completa

Salvato in:
Dettagli Bibliografici
Autore principale: Stašák, Jozef
Natura: Capitolo di libro
Lingua:slovacco
Soggetti:
Tags: Aggiungi Tag
Nessun Tag, puoi essere il primo ad aggiungerne!!

MARC

LEADER 00000naa$a2200000$$$4500
001 0059521
005 20240326124455.2
041 0 |a slo 
044 |a SK 
245 1 0 |a K problematike vnútornej a medzipodnikovej integrácie riadiacich a informačných systémov  |c Jozef Stašák 
520 |a Problematika integrácie IS, ktorý slúži ako nástroj informačnej podpory pre výrobné procesy IS a ktorý predstavuje nástroj informačnej podpory na riadenie spisovej služby. Hlavný proces Spisová služba a jeho podriadené procesy. Medzipodniková integrácia. Príklad integrácie procesov podnikania medzi dvoma podnikateľskými subjektami. Produkty systému SAP - ich postavenie a úlohy v rámci vnútropodnikovej integrácie. 
610 2 0 |a integrácia vnútropodniková 
610 2 0 |a procesy podnikové 
610 2 0 |a podnikanie 
610 2 0 |a stratégia podniková 
610 2 0 |a systémy informačné 
610 2 0 |a systémy informačné podnikové 
100 1 |a Stašák, Jozef